000 00895nam a2200265 i 4500
001 000039279
003 DO-SdBNP
005 20240906153118.0
007 ta
008 130621s2012 dr a 000 0 spa d
020 _a9789945074734
040 _aDO-SdBNP
_bspa
_cBNPHU
_erda
082 4 _222
100 1 _aSención Villalona, Augusto,
_956558
_eautor
_4aut.
245 1 3 _aLa dictadura de Trujillo (1930-1961) /
_bAugusto Sención Villalona ; ilustración, José Mercader, Alfredo Burgos
264 _aSanto Domingo :
_bArchivo General de la Nación,
_c2012.
300 _a177 páginas :
_bilustraciones ;
_c29 cm.
336 _atexto
_btxt
_2rdacontent
337 _asin mediación
_bn
_2rdamedia
338 _avolumen
_bnc
_2rdacarrier
490 _aArchivo General de la Nación
_v183
504 _aBibliografía : páginas 166-167
590 _aInventariado, 2024/BT
942 _2ddc
_cLBS1
999 _c38769
_d38769